000
00330 a2200157 4500
001
172506
020
_a
978-85-16-06312-2
040
_c
Magnum
100
_a
Rocha, Ruth
240
1
0
_a
Eugênio, o gênio
_l
por
245
1
0
_a
Eugênio, o gênio
300
_a
40
362
0
_a
2009
697
_a
LITERATURA INFANTO
942
_c
BK
999
_c
172506
_d
172506